000 00881nam a22002532 4500
001 0000004995
005 20151217151948.0
008 070605s xx 000 0 eng d
020 _a0471073806 :
040 _aKABU
_cKABU
050 0 _aT58.5
_b.T87 2003
100 1 _aTurban, Efraim.
_@0000148462
245 1 0 _aIntroduction to information technology /
_cEfraim Turban, R. Kelly Rainer, Richard E. Potter.
250 _a2nd ed.
260 _aNew York :
_bJohn Wiley & Sons,
_cc2003.
300 _a1 v. (various pagings) :
_bill. ;
_c26 cm +
_e1 computer laser optical disc (4 3/4 in.)
650 0 _aInformation technology.
_@0000150287
650 0 _aManagement information systems.
_@0000148209
700 1 _aRainer, R. Kelly.
_@0000156045
700 1 _aPotter, Richard E.
_@0000156046
908 _a070605
950 _@1
999 _c6782
_d6782